Statistics for Marvel Movies

Click here to take the quiz!

General Stats

  • This quiz has been taken 84 times
    (28 since last reset)
  • The average score is 46 of 76

Answer Stats

Year of ReleaseProduction CompanyMovie% Correct
2003Universal PicturesHulk
90%
2008Marvel StudiosThe Incredible Hulk
90%
2011Marvel StudiosCaptain America: The First Avenger
86%
2008Marvel StudiosIron Man
86%
2012Marvel StudiosThe Avengers
86%
2011Marvel StudiosThor
86%
1944Republic PicturesCaptain America
81%
199021st Century Film CorporationCaptain America
81%
2002Columbia PicturesSpider-Man
81%
2012Columbia PicturesThe Amazing Spider-Man
81%
2015Marvel StudiosAnt-Man
76%
2019Marvel StudiosAvengers: Endgame
76%
2010Marvel StudiosIron Man 2
76%
2015Marvel StudiosAvengers: Age of Ultron
71%
2018Marvel StudiosAvengers: Infinity War
71%
2018Marvel StudiosBlack Panther
71%
2021Marvel StudiosBlack Widow
71%
2014Marvel StudiosGuardians of the Galaxy
71%
2013Marvel StudiosIron Man 3
71%
2004Columbia PicturesSpider-Man 2
71%
2007Columbia PicturesSpider-Man 3
71%
2017Marvel StudiosThor: Ragnarok
71%
200020th Century FoxX-Men
71%
2016Marvel StudiosCaptain America: Civil War
67%
2016Marvel StudiosDoctor Strange
67%
201320th Century FoxThe Wolverine
67%
2018Marvel StudiosAnt-Man and the Wasp
62%
2022Marvel StudiosBlack Panther: Wakanda Forever
62%
2019Marvel StudiosCaptain Marvel
62%
201620th Century FoxDeadpool
62%
200520th Century FoxFantastic Four
62%
201520th Century FoxFantastic Four
62%
201720th Century FoxLogan
62%
2019Marvel Studios/Columbia PicturesSpider-Man: Far From Home
62%
2017Marvel Studios/Columbia PicturesSpider-Man: Homecoming
62%
1994Constantin FilmThe Fantastic Four
62%
2022Marvel StudiosThor: Love and Thunder
62%
2013Marvel StudiosThor: The Dark World
62%
200320th Century FoxX2
62%
201620th Century FoxX-Men: Apocalypse
62%
2014Marvel StudiosCaptain America: The Winter Soldier
57%
2017Marvel StudiosGuardians of the Galaxy Vol.2
57%
2023Marvel StudiosGuardians of the Galaxy Vol. 3
57%
2018Sony Pictures AnimationSpider-Man: Into the Spider-Verse
57%
2021Marvel Studios/Columbia PicturesSpider-Man: No Way Home
57%
201420th Century FoxX-Men: Days of Future Past
57%
1998New Line CinemaBlade
52%
201820th Century FoxDeadpool 2
52%
2021Marvel StudiosEternals
52%
200720th Century FoxFantastic Four: Rise of the Silver Surfer
52%
2023Sony Pictures AnimationSpider-Man: Across the Spider-Verse
52%
2014Columbia PicturesThe Amazing Spider-Man 2
52%
2023Marvel StudiosThe Marvels
52%
1989New World PicturesThe Punisher
52%
2004Artisan EntertainmentThe Punisher
52%
2018Columbia PicturesVenom
52%
200920th Century FoxX-Men: Origins Wolverine
52%
200620th Century FoxX-Men: The Last Stand
52%
2023Marvel StudiosAnt-Man and the Wasp: Quantumania
48%
2004New Line CinemaBlade: Trinity
48%
200320th Century FoxDaredevil
48%
201920th Century FoxDark Phoenix
48%
200520th Century FoxElektra
48%
2022Columbia PicturesMorbius
48%
2021Marvel StudiosShang-Chi and the Legend of the Ten Rings
48%
202020th Century StudiosThe New Mutants
48%
2021Columbia PicturesVenom: Let There Be Carnage
48%
201120th Century FoxX-Men: First Class
48%
2002New Line CinemaBlade II
43%
2022Marvel StudiosDoctor Strange in the Multiverse of Madness
43%
2007Columbia PicturesGhost Rider
43%
1986Universal PicturesHoward the Duck
43%
2024Columbia PicturesMadame Web
43%
2008Lionsgate FilmsPunisher: War Zone
43%
2014Walt Disney Animation StudiosBig Hero 6
38%
2011Columbia PicturesGhost Rider: Spirit of Vengeance
33%

Score Distribution

Percentile by Number Answered

Percent of People with Each Score

Your Score History

You have not taken this quiz since the last reset